Statistics for Cookie Clicker-Building

Click here to take the quiz!

General Stats

  • This quiz has been taken 17 times
    (16 since last reset)
  • The average score is 15 of 19

Answer Stats

Answer% Correct
Bank
92%
Farm
92%
Alchemy Lab
85%
Cursor
85%
Factory
85%
Grandma
85%
Mine
85%
Temple
85%
Wizard Tower
85%
Chancemaker
77%
Portal
77%
Shipment
77%
Time Machine
77%
Antimatter Condenser
69%
Fractal Engine
69%
Javascript Console
69%
Prism
69%
Cortex Baker
62%
Idleverse
62%

Score Distribution

Percentile by Number Answered

Percent of People with Each Score

Your Score History

You have not taken this quiz since the last reset